|
|
|
|
| LEADER |
00998nam a22002657a 4500 |
| 001 |
40882 |
| 003 |
BD-DhAAL |
| 008 |
230213t2017 ii ||||| |||| 00| 0 eng d |
| 020 |
|
|
|a 9788129144447
|
| 040 |
|
|
|a BD-DhAAL
|c BD-DhAAL
|
| 082 |
|
|
|a 153.35
|2 23
|
| 100 |
|
|
|a Pillai, Radhakrishnan
|9 53639
|
| 245 |
|
|
|a Chanakya in daily life /
|c Radhakrishnan Pillai.
|
| 260 |
|
|
|a New Delhi :
|b Rupa,
|c 2017.
|
| 300 |
|
|
|a 274 pages ;
|c 22 cm.
|
| 526 |
|
|
|a Refugee Studies Unit (RSU), CPJ
|
| 541 |
|
|
|a Book Finder International
|e 40882
|
| 610 |
|
|
|a Thought and thinking.
|9 53640
|
| 650 |
|
|
|a Self-actualization (Psychology).
|
| 650 |
|
|
|a Self-actualization (Psychology)
|x Religious aspects
|x Hinduism.
|9 53641
|
| 650 |
|
|
|a Psychology.
|
| 852 |
|
|
|a Ayesha Abed Library
|c General Stacks
|
| 942 |
|
|
|2 ddc
|c BK
|
| 999 |
|
|
|c 45147
|d 45147
|
| 952 |
|
|
|0 0
|1 0
|2 ddc
|4 0
|6 153_350000000000000_PIL
|7 0
|9 73143
|a CPJ
|b CPJ
|c RSU
|d 2023-02-07
|e Book Finder International
|g 578.79
|l 0
|o 153.35 PIL
|p 3030040882
|r 2023-02-07
|t 1
|v 578.79
|w 2023-02-07
|y BK
|